000 00684 a2200277 4500
260 _aParis
630 _a16 - Logique. Theorie de la connaissance
037 _b3, BU
650 _a1 - PHILOSOPHIE ET PSYCHOLOGIE
100 _aComte, Auguste
260 _bMouton
245 _aCorrepondance générale et confessions. Tome 2: Avril 1841-Mars1845
300 _a461p.
650 _acorrespondance
260 _c1975
300 _b23cm.
100 _lFR
440 _aArchives positivistes
037 _aL1731
037 _aL1734
037 _aL2756
700 _aEd., <de> Berrêdo Carneiro, Paulo
700 _aEd., Arnaud, Pierre
999 _c39571
_d39571